00411nam a22001577a 450000500170000001000150001702000260003203500140005803700130007208200080008510000150009324500390010826000430014727000430019030000200023320190603170445.0 aENG-125464 a9789350451809c300.00 aEN-108996 bDBAD/PUB a881 aRoy, Arjit aIn the hour of sky /cby Arjit Roy aCalcutta bWriters Workshop Bookc2018 a162/92, Lake Garden,bCulcuttae700045 a126p.c22cm(Hb)